000 00194 a2200097 4500
001 29711
100 _aKay
245 _aNot the whole truth
260 _a
_bP W C
_c1977
090 _c19731
_d19731
942 _aNUST-CAE
_cM
_c10815
999 _c264784
_d264784